[Event "16PCR_ZK07"]
[Site "?"]
[Date "2005.??.??"]
[Round "?"]
[White "Vanc, Vladimir"]
[Black "Kudr, Roman"]
[Result "1/2-1/2"]
[WhiteElo "1834"]
[BlackElo "1987"]
[PlyCount "93"]
[EventDate "2005.??.??"]
[EventType "corr"]
[EventRounds "2"]
[SourceDate "2005.02.23"]

1. f4 d5 2. Nf3 c5 3. e3 Nf6 4. b3 g6 5. Bb2 Bg7 6. Be2 O-O 7. O-O Nc6 8. d4
Ne4 9. c3 Bg4 10. Nbd2 Nxd2 11. Qxd2 Qa5 12. Rfd1 cxd4 13. cxd4 Qxd2 14. Rxd2
Rfc8 15. Ba3 Bf8 16. Rc1 e6 17. Bxf8 Kxf8 18. Rdc2 Bxf3 19. Bxf3 Ne7 20. Rxc8+
Rxc8 21. Rxc8+ Nxc8 22. e4 dxe4 23. Bxe4 Nd6 24. Bf3 b5 25. g4 b4 26. Bc6 h6
27. Kf2 f5 28. h3 Ke7 29. Ke3 fxg4 30. hxg4 h5 31. Bf3 h4 32. Bc6 Nf7 33. Be4
g5 34. Kf3 Kf6 35. Bd3 h3 36. fxg5+ Kxg5 37. Kg3 h2 38. Kxh2 Kxg4 39. Bc4 Ng5
40. d5 exd5 41. Bxd5 Kf4 42. Kg2 Ne4 43. Kf1 Nc3 44. Bc4 Ke3 45. Ke1 Nxa2 46.
Kd1 Nc3+ 47. Kc1 1/2-1/2

[Event "16PCR_ZK07"]
[Site "?"]
[Date "2005.??.??"]
[Round "?"]
[White "Vanc, Vladimir"]
[Black "Novak, Jindrich"]
[Result "1-0"]
[WhiteElo "1834"]
[BlackElo "1807"]
[PlyCount "47"]
[EventDate "2005.??.??"]
[EventType "corr"]
[EventRounds "2"]
[SourceDate "2005.02.23"]

1. f4 f5 2. e4 c5 3. exf5 d5 4. Bb5+ Nc6 5. Qh5+ Kd7 6. Nf3 Kc7 7. Bxc6 Nf6 8.
Qh4 bxc6 9. Ne5 Bxf5 10. d3 c4 11. Nd2 cxd3 12. cxd3 Qc8 13. O-O Qa6 14. Rf3 h5
15. Nb3 e6 16. Bd2 Rb8 17. Ba5+ Kc8 18. Rc1 c5 19. Nxc5 Bxc5+ 20. Rxc5+ Kb7 21.
b4 Rbc8 22. Qg5 Ka8 23. Nc6 Rh7 24. Qg3 1-0

[Event "16PCR_ZK07"]
[Site "?"]
[Date "2005.??.??"]
[Round "?"]
[White "Vanc, Vladimir"]
[Black "Sindelar, Frantisek"]
[Result "0-1"]
[WhiteElo "1834"]
[BlackElo "1925"]
[PlyCount "56"]
[EventDate "2005.??.??"]
[EventType "corr"]
[EventRounds "2"]
[SourceDate "2005.02.23"]

1. f4 Nf6 2. Nf3 d5 3. e3 e6 4. b3 c5 5. Bb2 Bd6 6. Ne5 Nbd7 7. Bb5 O-O 8. Nxd7
Bxd7 9. Bxd7 Nxd7 10. O-O Qh4 11. Rf3 Nf6 12. Rh3 Qg4 13. Qe1 Qf5 14. d3 d4 15.
e4 Qxf4 16. Bc1 Qe5 17. Qh4 Rfb8 18. Bg5 h6 19. Bc1 b5 20. Na3 Nh7 21. Qh5 Qxh5
22. Rxh5 Nf6 23. Rh4 a5 24. Bb2 a4 25. Nb1 g5 26. Rxh6 Kg7 27. Rh3 g4 28. Rh4
Bf4 0-1

[Event "16PCR_ZK07"]
[Site "?"]
[Date "2005.??.??"]
[Round "?"]
[White "Vanc, Vladimir"]
[Black "Slavik, Miroslav"]
[Result "0-1"]
[WhiteElo "1834"]
[BlackElo "2198"]
[PlyCount "58"]
[EventDate "2005.??.??"]
[EventType "corr"]
[EventRounds "2"]
[SourceDate "2005.02.23"]

1. f4 d5 2. Nf3 g6 3. e3 Bg7 4. c4 c6 5. Nc3 Nf6 6. d4 O-O 7. Be2 a6 8. cxd5
cxd5 9. Qb3 Nc6 10. Na4 b5 11. Nc5 Na5 12. Qb4 Bf5 13. b3 Nd7 14. Bd2 Nc6 15.
Qa3 Nxc5 16. Qxc5 Rc8 17. Qa3 Qb6 18. Rc1 Rfd8 19. O-O Bxd4 20. Kf2 Bg7 21. b4
Be4 22. g3 h6 23. Rc5 e6 24. Rcc1 e5 25. fxe5 Nxe5 26. Nxe5 Bxe5 27. Rxc8 Rxc8
28. Rc1 Qf6+ 29. Ke1 Re8 0-1

[Event "16PCR_ZK07"]
[Site "?"]
[Date "2005.??.??"]
[Round "?"]
[White "Kudr, Roman"]
[Black "Houdek, Vladimir"]
[Result "0-1"]
[WhiteElo "1987"]
[BlackElo "2151"]
[PlyCount "82"]
[EventDate "2005.??.??"]
[EventType "corr"]
[EventRounds "2"]
[SourceDate "2005.02.23"]

1. e4 e6 2. d4 d5 3. e5 c5 4. c3 Nc6 5. Nf3 Bd7 6. Be2 Nge7 7. O-O Ng6 8. g3 f6
9. exf6 Qxf6 10. Bg5 Qf7 11. Nbd2 cxd4 12. cxd4 Bd6 13. Be3 O-O 14. Bd3 h6 15.
Qb3 Rac8 16. Qxb7 Rc7 17. Qa6 Rb8 18. b3 Rb6 19. Bxg6 Qxg6 20. Qe2 Nb4 21. a4
Rbc6 22. Nh4 Qf6 23. Ng2 Bc8 24. Qf3 Nc2 25. Qxf6 gxf6 26. Ra2 e5 27. Rd1 Kh7
28. dxe5 fxe5 29. f4 e4 30. Nf1 Nb4 31. Rad2 Bg4 32. Rxd5 Nxd5 33. Rxd5 Bb4 34.
Rd4 a5 35. Rxe4 Rd7 36. Rc4 Rxc4 37. bxc4 Be2 38. Kf2 Bxc4 39. g4 Bb3 40. f5
Bxa4 41. Ng3 Bc6 0-1

[Event "16PCR_ZK07"]
[Site "?"]
[Date "2005.??.??"]
[Round "?"]
[White "Latal, Frantisek"]
[Black "Kudr, Roman"]
[Result "0-1"]
[WhiteElo "2046"]
[BlackElo "1987"]
[PlyCount "106"]
[EventDate "2005.??.??"]
[EventType "corr"]
[EventRounds "2"]
[SourceDate "2005.02.23"]

1. e4 c6 2. d4 d5 3. Nc3 dxe4 4. Nxe4 Nd7 5. Ng5 Ngf6 6. Bd3 e6 7. N1f3 Bd6 8.
O-O h6 9. Ne4 Nxe4 10. Bxe4 O-O 11. c3 Nf6 12. Bd3 c5 13. dxc5 Bxc5 14. Bf4 Nd5
15. Be5 f6 16. Bd4 Bxd4 17. Nxd4 e5 18. Nf5 Nf4 19. Qb3+ Kh8 20. Be4 Qc7 21.
Ne3 Be6 22. Qc2 Rad8 23. Rfd1 b6 24. Kh1 Qf7 25. b3 Rxd1+ 26. Rxd1 f5 27. Bc6
Qc7 28. Bb5 Rd8 29. Rd2 Rxd2 30. Qxd2 Kh7 31. Kg1 Qc8 32. Bf1 Qc5 33. c4 Qd4
34. Qxd4 exd4 35. g3 dxe3 36. gxf4 exf2+ 37. Kxf2 g5 38. Ke3 Kg6 39. b4 Bd7 40.
c5 bxc5 41. bxc5 Bc6 42. Ba6 Kf6 43. h3 Be4 44. a4 Ke7 45. Bc8 a5 46. fxg5 hxg5
47. Kd4 Bc2 48. Kc3 Bxa4 49. Bxf5 Bd7 50. Bg4 Bxg4 51. hxg4 Kd7 52. Kb3 Kc6 53.
Kc4 a4 0-1

[Event "16PCR_ZK07"]
[Site "?"]
[Date "2005.??.??"]
[Round "?"]
[White "Majstr, Jiri"]
[Black "Kudr, Roman"]
[Result "1/2-1/2"]
[WhiteElo "1600"]
[BlackElo "1987"]
[PlyCount "66"]
[EventDate "2005.??.??"]
[EventType "corr"]
[EventRounds "2"]
[SourceDate "2005.02.23"]

1. Nf3 Nf6 2. d4 g6 3. c4 Bg7 4. Nc3 d5 5. e3 O-O 6. Be2 c5 7. dxc5 Qa5 8. cxd5
Nxd5 9. O-O Nxc3 10. bxc3 Qxc3 11. Rb1 Qxc5 12. Qb3 Nc6 13. Bb2 Bxb2 14. Qxb2
Bf5 15. Rbc1 Qb6 16. Qa1 Rac8 17. a3 Rfd8 18. Rfd1 Rxd1+ 19. Rxd1 Rd8 20. Rxd8+
Qxd8 21. Qb2 Bd3 22. Bd1 b5 23. h3 Qd6 24. Bb3 Na5 25. Ba2 Bc4 26. Bxc4 Nxc4
27. Qxb5 Nxa3 28. Qb7 Qc5 29. Qb8+ Kg7 30. Qb2+ f6 31. Nd4 Nc4 32. Qb8 Qb6 33.
Qe8 Qd6 1/2-1/2

[Event "16PCR_ZK07"]
[Site "?"]
[Date "2005.??.??"]
[Round "?"]
[White "Sindelar, Frantisek"]
[Black "Kudr, Roman"]
[Result "0-1"]
[WhiteElo "1925"]
[BlackElo "1987"]
[PlyCount "90"]
[EventDate "2005.??.??"]
[EventType "corr"]
[EventRounds "2"]
[SourceDate "2005.02.23"]

1. e4 c6 2. d4 d5 3. e5 Bf5 4. Nd2 e6 5. Nb3 Nd7 6. Nf3 Ne7 7. Be3 Qc7 8. c3 a5
9. Be2 a4 10. Nbd2 c5 11. O-O Qb6 12. b3 Nc6 13. bxa4 Be7 14. Bb5 O-O 15. Rc1
Rfd8 16. Re1 c4 17. Bg5 Bxg5 18. Nxg5 Na7 19. Bxd7 Rxd7 20. Nf1 Qd8 21. Nf3 Nc6
22. Ng3 Bd3 23. Nh5 b6 24. Nf4 Bf5 25. Re2 Rda7 26. Rb2 Rxa4 27. Qd2 R8a6 28.
Ne1 Qg5 29. Nf3 Qe7 30. Ne1 Qa7 31. Ra1 Ra3 32. h3 R6a4 33. g4 Be4 34. f3 Bg6
35. Ne2 b5 36. Rxb5 Nxe5 37. Rb2 Nc6 38. Nf4 Qa5 39. Nxg6 hxg6 40. Rc2 g5 41.
Kh1 Qd8 42. Rb2 Qf6 43. Rb5 Qf4 44. Qxf4 gxf4 45. Rb6 Na5 0-1

[Event "16PCR_ZK07"]
[Site "?"]
[Date "2005.??.??"]
[Round "?"]
[White "Houdek, Vladimir"]
[Black "Majstr, Jiri"]
[Result "1-0"]
[WhiteElo "2151"]
[BlackElo "1600"]
[PlyCount "71"]
[EventDate "2005.??.??"]
[EventType "corr"]
[EventRounds "2"]
[SourceDate "2005.02.23"]

1. Nf3 Nf6 2. c4 b6 3. d4 e6 4. a3 d5 5. Nc3 dxc4 6. e3 Be7 7. Bxc4 Bb7 8. O-O
Nc6 9. e4 O-O 10. Be2 a6 11. Bf4 Nh5 12. Be3 Re8 13. g4 Nf6 14. g5 Nd7 15. Rc1
Bd6 16. h4 b5 17. h5 Nb6 18. b4 Qd7 19. Nh4 Nc4 20. Bxc4 bxc4 21. Ng2 Na7 22.
f3 Nb5 23. Na4 Nxa3 24. Nc5 Bxc5 25. bxc5 f6 26. gxf6 gxf6 27. Kf2 f5 28. Bh6
Kf7 29. Qd2 Red8 30. Rfd1 Rg8 31. d5 exd5 32. exd5 Qxd5 33. Qxd5+ Bxd5 34. Rxd5
Rad8 35. Rxf5+ Ke6 36. Nh4 1-0

[Event "16PCR_ZK07"]
[Site "?"]
[Date "2005.??.??"]
[Round "?"]
[White "Kudr, Roman"]
[Black "Majstr, Jiri"]
[Result "1/2-1/2"]
[WhiteElo "1987"]
[BlackElo "1600"]
[PlyCount "73"]
[EventDate "2005.??.??"]
[EventType "corr"]
[EventRounds "2"]
[SourceDate "2005.02.23"]

1. e4 e5 2. Nf3 Nc6 3. Bb5 a6 4. Ba4 Nf6 5. O-O Be7 6. Re1 b5 7. Bb3 Bb7 8. d4
d6 9. c3 O-O 10. Nbd2 h6 11. Nf1 exd4 12. cxd4 d5 13. e5 Ne8 14. Ne3 Bb4 15.
Bd2 Bxd2 16. Qxd2 Ne7 17. Bc2 f5 18. a4 c6 19. Bd3 f4 20. Nc2 Nc7 21. Qc3 Ne6
22. Re2 Bc8 23. axb5 cxb5 24. Bxb5 Qb6 25. Ba4 Ra7 26. b4 Rc7 27. Qd3 Nd8 28.
b5 Bf5 29. Qb3 axb5 30. Na3 b4 31. Nb5 Rc4 32. Nd6 Rc3 33. Nxf5 Rxf5 34. Qd1
Ndc6 35. Rea2 Rf8 36. Bb3 Qb5 37. h3 1/2-1/2

[Event "16PCR_ZK07"]
[Site "?"]
[Date "2005.??.??"]
[Round "?"]
[White "Kudr, Roman"]
[Black "Slavik, Miroslav"]
[Result "0-1"]
[WhiteElo "1987"]
[BlackElo "2198"]
[PlyCount "104"]
[EventDate "2005.??.??"]
[EventType "corr"]
[EventRounds "2"]
[SourceDate "2005.02.23"]

1. e4 c6 2. c4 d5 3. exd5 cxd5 4. d4 Nf6 5. Nc3 e6 6. Nf3 Bb4 7. Qc2 O-O 8. a3
Bxc3+ 9. Qxc3 b6 10. b3 Ba6 11. Be2 Qc7 12. Ne5 dxc4 13. bxc4 Rc8 14. Bb2 Nbd7
15. Rd1 Nxe5 16. dxe5 Ne8 17. Rc1 Rd8 18. O-O Rac8 19. Qc2 h6 20. Rfd1 Bxc4 21.
Rxd8 Qxd8 22. Bxc4 b5 23. Qe2 bxc4 24. Rxc4 Rxc4 25. Qxc4 Qd1+ 26. Qf1 Qb3 27.
Qc1 Nc7 28. h3 Nd5 29. Bd4 a5 30. Bc5 Qd3 31. Kh1 Qe4 32. Bd6 a4 33. Kh2 Nf4
34. f3 Qd4 35. Kh1 f5 36. Kh2 Kh7 37. Bc7 h5 38. Qe1 g5 39. Bd6 Kg6 40. Kh1 Nd3
41. Qa5 Nf2+ 42. Kh2 Nxh3 43. gxh3 Qf2+ 44. Kh1 Qxf3+ 45. Kh2 Qf2+ 46. Kh1 f4
47. Qd8 Qf3+ 48. Kg1 Qg3+ 49. Kf1 Qxh3+ 50. Ke1 Qe3+ 51. Kd1 Qd3+ 52. Ke1 h4
0-1

[Event "16PCR_ZK07"]
[Site "?"]
[Date "2005.??.??"]
[Round "?"]
[White "Latal, Frantisek"]
[Black "Majstr, Jiri"]
[Result "1-0"]
[WhiteElo "2046"]
[BlackElo "1600"]
[PlyCount "91"]
[EventDate "2005.??.??"]
[EventType "corr"]
[EventRounds "2"]
[SourceDate "2005.02.23"]

1. e4 e6 2. d4 d5 3. Nc3 dxe4 4. Nxe4 Nf6 5. Bd3 c6 6. Nxf6+ Qxf6 7. Nf3 h6 8.
c3 Bd6 9. Be3 O-O 10. O-O Nd7 11. Nd2 e5 12. Ne4 Qe6 13. Nxd6 Qxd6 14. dxe5
Qxe5 15. Re1 Qd5 16. c4 Qa5 17. Bd4 Qg5 18. b3 Rd8 19. h4 Qf4 20. Bb2 Kh8 21.
Re4 Qd6 22. Qe2 Nf6 23. Rd4 Qc7 24. Qe5 Qb6 25. c5 Qa5 26. b4 Rxd4 27. bxa5
Rxd3 28. Qf4 Kg8 29. Bxf6 gxf6 30. Qxh6 Be6 31. Qxf6 Rd5 32. Qb2 Rd7 33. h5 Kh7
34. f3 Rg8 35. g4 Rg5 36. Qc2+ f5 37. Kf2 Bd5 38. Re1 Rf7 39. Re8 Rgg7 40. Re5
Rg5 41. Qb2 a6 42. a3 Rg8 43. Rxf5 Rxf5 44. gxf5 Rg7 45. f6 Rf7 46. Kg3 1-0

[Event "16PCR_ZK07"]
[Site "?"]
[Date "2005.??.??"]
[Round "?"]
[White "Latal, Frantisek"]
[Black "Vanc, Vladimir"]
[Result "1-0"]
[WhiteElo "2046"]
[BlackElo "1834"]
[PlyCount "99"]
[EventDate "2005.??.??"]
[EventType "corr"]
[EventRounds "2"]
[SourceDate "2005.02.23"]

1. e4 c5 2. f4 d5 3. exd5 Qxd5 4. Nc3 Qd8 5. Nf3 Nf6 6. Bb5+ Nbd7 7. O-O g6 8.
d4 a6 9. Be2 cxd4 10. Qxd4 Qb6 11. Qxb6 Nxb6 12. Be3 Nbd7 13. Bd4 Bg7 14. Rad1
e6 15. Nd2 O-O 16. Nc4 Ne8 17. Bxg7 Kxg7 18. Bf3 Rb8 19. a4 b6 20. b3 Nc7 21.
g3 Kf6 22. Bc6 Ke7 23. Ne4 h6 24. Ned6 Nf6 25. Ne5 Nfd5 26. Nxc8+ Rfxc8 27. c4
Nf6 28. Bd7 Nce8 29. Bxc8 Rxc8 30. a5 bxa5 31. Ra1 Rc5 32. Rfd1 Nd6 33. Kf2 Nb7
34. Ke3 g5 35. h3 h5 36. b4 gxf4+ 37. Kxf4 axb4 38. Rxa6 Kf8 39. Ra7 Rc7 40.
Rb1 Ne8 41. Rxb4 Nbd6 42. Rxc7 Nxc7 43. Kg5 Ne4+ 44. Kxh5 Nxg3+ 45. Kg4 Ne4 46.
Rb7 f5+ 47. Kf4 Ne8 48. Nd7+ Ke7 49. Nc5+ Kd6 50. Nxe4+ 1-0

[Event "16PCR_ZK07"]
[Site "?"]
[Date "2005.??.??"]
[Round "?"]
[White "Majstr, Jiri"]
[Black "Houdek, Vladimir"]
[Result "1-0"]
[WhiteElo "1600"]
[BlackElo "2151"]
[PlyCount "73"]
[EventDate "2005.??.??"]
[EventType "corr"]
[EventRounds "2"]
[SourceDate "2005.02.23"]

1. e4 e6 2. d4 d5 3. e5 c5 4. Nf3 cxd4 5. Nxd4 Nc6 6. Nxc6 bxc6 7. Bd3 Ne7 8.
O-O Ng6 9. Re1 Be7 10. Nd2 O-O 11. Nf3 Rb8 12. b3 c5 13. Qd2 f5 14. exf6 Bxf6
15. Rb1 Nh4 16. Ng5 Nf5 17. Nxe6 Bxe6 18. Rxe6 Nd4 19. Re1 Bh4 20. Rf1 Qd6 21.
c3 Ne6 22. Qc2 h6 23. Qe2 Bf6 24. c4 Nc7 25. cxd5 Be5 26. Qe4 Bxh2+ 27. Kh1 Be5
28. Qh7+ Kf7 29. Bc4 Rbe8 30. Be3 Ke7 31. Rfd1 Kd8 32. Qd3 Bf4 33. Bxf4 Rxf4
34. Kg1 Rfe4 35. Qc3 R8e5 36. Rbc1 Kc8 37. Qg3 1-0

[Event "16PCR_ZK07"]
[Site "?"]
[Date "2005.??.??"]
[Round "?"]
[White "Majstr, Jiri"]
[Black "Latal, Frantisek"]
[Result "1/2-1/2"]
[WhiteElo "1600"]
[BlackElo "2046"]
[PlyCount "108"]
[EventDate "2005.??.??"]
[EventType "corr"]
[EventRounds "2"]
[SourceDate "2005.02.23"]

1. e4 e5 2. Nf3 Nc6 3. Bc4 Bc5 4. d3 Nf6 5. Nc3 d6 6. Bg5 Na5 7. Bxf6 Qxf6 8.
Nd5 Qd8 9. b4 Nxc4 10. bxc5 c6 11. dxc4 cxd5 12. Qxd5 Qa5+ 13. Kf1 Qxc5 14.
Qxc5 dxc5 15. Nxe5 Be6 16. Ke2 f6 17. Nd3 Bxc4 18. Ke3 b6 19. a4 Kf7 20. a5
Bxd3 21. cxd3 b5 22. Rac1 Rhc8 23. Rc2 Rc7 24. Rhc1 Rac8 25. Rb2 b4 26. Rc4 Ke6
27. g4 Rb7 28. Rb3 g5 29. d4 cxd4+ 30. Rxd4 Rcb8 31. a6 Rb5 32. f4 gxf4+ 33.
Kxf4 h6 34. h4 R8b6 35. Rc4 Kd7 36. Rd3+ Rd6 37. Rb3 Rdb6 38. Rd4+ Ke6 39. Rc4
Ra5 40. Rcxb4 Raxa6 41. Rxb6+ Rxb6 42. Ra3 a6 43. Ra5 Kf7 44. Rc5 Re6 45. Kf5
Re8 46. Rd5 Re6 47. h5 Re8 48. Rc5 Re6 49. Rc7+ Re7 50. Rxe7+ Kxe7 51. Kg6 a5
52. Kxh6 Kf7 53. e5 a4 54. exf6 a3 1/2-1/2

[Event "16PCR_ZK07"]
[Site "?"]
[Date "2005.??.??"]
[Round "?"]
[White "Sindelar, Frantisek"]
[Black "Slavik, Miroslav"]
[Result "0-1"]
[WhiteElo "1925"]
[BlackElo "2198"]
[PlyCount "116"]
[EventDate "2005.??.??"]
[EventType "corr"]
[EventRounds "2"]
[SourceDate "2005.02.23"]

1. e4 c6 2. d4 d5 3. Nc3 dxe4 4. Nxe4 Nd7 5. Nf3 Ngf6 6. Nxf6+ Nxf6 7. Bc4 Bf5
8. O-O e6 9. Re1 Be7 10. c3 O-O 11. Ne5 Nd5 12. Bb3 Bd6 13. g4 Bg6 14. Nxg6
fxg6 15. g5 Qc7 16. Qg4 Bxh2+ 17. Kg2 Rae8 18. Rxe6 Qf7 19. Re2 Rxe2 20. Qxe2
Bc7 21. Bd2 Kh8 22. Rg1 Qf5 23. Kf1 a5 24. Bxd5 Qxd5 25. b3 a4 26. bxa4 Qxa2
27. Qe7 Qb1+ 28. Ke2 Qf5 29. Be3 Bd8 30. Qd6 Qc2+ 31. Kf1 Qd1+ 32. Kg2 Qf3+ 33.
Kf1 Ba5 34. Rg3 Qf7 35. Qc5 Bc7 36. Rg4 Rd8 37. Re4 Bd6 38. Qb6 Rf8 39. Qb2 b5
40. axb5 Qf3 41. Qc2 cxb5 42. Kg1 Ra8 43. Qb1 Qh5 44. Kg2 Qh2+ 45. Kf3 Qh3+ 46.
Ke2 Qf5 47. Qd3 h5 48. Bd2 Rf8 49. Qe3 Kh7 50. Rh4 b4 51. cxb4 Qb5+ 52. Kd1 Re8
53. Re4 Ra8 54. Qb3 Qf1+ 55. Kc2 Qxf2 56. d5 Rc8+ 57. Kd1 Qf1+ 58. Re1 Qf5 0-1

[Event "16PCR_ZK07"]
[Site "?"]
[Date "2005.??.??"]
[Round "?"]
[White "Slavik, Miroslav"]
[Black "Kudr, Roman"]
[Result "1/2-1/2"]
[WhiteElo "2198"]
[BlackElo "1987"]
[PlyCount "117"]
[EventDate "2005.??.??"]
[EventType "corr"]
[EventRounds "2"]
[SourceDate "2005.02.23"]

1. c4 g6 2. Nc3 Bg7 3. d4 Nf6 4. e4 d6 5. f3 O-O 6. Be3 e5 7. d5 Nh5 8. Qd2 f5
9. Nge2 a6 10. exf5 gxf5 11. Ng3 Qe8 12. Nxh5 Qxh5 13. Bd3 Nd7 14. O-O Nf6 15.
Rae1 Bd7 16. b4 Kh8 17. Kh1 Rg8 18. Re2 Qh4 19. Bg5 Qh5 20. a3 Rae8 21. Be3 Bf8
22. Rb1 Rg6 23. b5 axb5 24. Nxb5 e4 25. fxe4 fxe4 26. Bc2 Bxb5 27. Rxb5 Bh6 28.
Bxh6 Rxh6 29. h3 b6 30. Rb3 Qh4 31. Kg1 Rh5 32. Rf2 Ree5 33. Re3 Rhf5 34. Rxf5
Rxf5 35. Qe1 Qxe1+ 36. Rxe1 b5 37. cxb5 Rxd5 38. a4 Rc5 39. Bb3 d5 40. Rd1 Kg7
41. g4 h6 42. Kf2 Kf7 43. Rb1 Rc3 44. a5 Ke6 45. a6 Nd7 46. Bd1 Ke5 47. h4 Nb6
48. g5 hxg5 49. hxg5 Kf5 50. Rb3 Rxb3 51. Bxb3 d4 52. Bc2 d3 53. Bb3 Nc8 54.
Ke3 Na7 55. Bd5 Nxb5 56. Bxe4+ Kxg5 57. Bxd3 Na7 58. Kd4 Kf6 59. Kc5 1/2-1/2

[Event "16PCR_ZK07"]
[Site "?"]
[Date "2005.??.??"]
[Round "?"]
[White "Slavik, Miroslav"]
[Black "Novak, Jindrich"]
[Result "1-0"]
[WhiteElo "2198"]
[BlackElo "1807"]
[PlyCount "79"]
[EventDate "2005.??.??"]
[EventType "corr"]
[EventRounds "2"]
[SourceDate "2005.02.23"]

1. d4 d6 2. e4 f5 3. exf5 Bxf5 4. Nf3 Nf6 5. Bd3 Qd7 6. O-O Nc6 7. Nc3 Bg4 8.
d5 Nd4 9. Nxd4 Bxd1 10. Bb5 Bh5 11. Bg5 a6 12. Bxd7+ Kxd7 13. Rfe1 Bf7 14. Bxf6
exf6 15. Re3 Re8 16. Rxe8 Kxe8 17. Re1+ Kd7 18. f4 g6 19. f5 Bh6 20. Ne4 Bg7
21. c4 Re8 22. g4 gxf5 23. Nxf5 Bh8 24. Kf2 Bg6 25. Neg3 Rxe1 26. Kxe1 c6 27.
dxc6+ Kxc6 28. Kd2 b5 29. cxb5+ axb5 30. a3 Kd5 31. Ke3 Ke5 32. b4 d5 33. Nd4
Be8 34. Ngf5 Bd7 35. Nf3+ Ke6 36. Kd4 Be8 37. Kc5 h5 38. N3d4+ Ke5 39. gxh5
Bxh5 40. a4 1-0

[Event "16PCR_ZK07"]
[Site "?"]
[Date "2005.??.??"]
[Round "?"]
[White "Slavik, Miroslav"]
[Black "Sindelar, Frantisek"]
[Result "1-0"]
[WhiteElo "2198"]
[BlackElo "1925"]
[PlyCount "109"]
[EventDate "2005.??.??"]
[EventType "corr"]
[EventRounds "2"]
[SourceDate "2005.02.23"]

1. d4 Nf6 2. c4 c6 3. Nc3 d5 4. e3 e6 5. Nf3 Nbd7 6. Qc2 Bd6 7. b3 O-O 8. Bb2
Re8 9. Rd1 e5 10. cxd5 cxd5 11. Nb5 Bb4+ 12. Bc3 Bxc3+ 13. Qxc3 exd4 14. Rxd4
Re6 15. Rd1 Ne4 16. Qb2 Ndf6 17. Bd3 Qa5+ 18. b4 Qb6 19. O-O Bd7 20. Nbd4 Ree8
21. h3 a5 22. a3 axb4 23. axb4 Nc5 24. Bc2 Na6 25. b5 Nc7 26. Bd3 Ne4 27. Ra1
Na6 28. Qb3 Nc7 29. Rxa8 Rxa8 30. Ne5 Be6 31. Qc2 Nf6 32. Rc1 Nce8 33. Qc5 Qxc5
34. Rxc5 Ra1+ 35. Kh2 Kf8 36. Rc2 Ke7 37. g4 h6 38. Kg2 g5 39. f4 Ra3 40. Kf3
Nd7 41. Ke2 Nxe5 42. fxe5 Ra8 43. Rc5 f6 44. Bf5 Bg8 45. e6 Kd6 46. Rc3 Ng7 47.
e7 Ne6 48. Bxe6 Bxe6 49. b6 Re8 50. Rc7 Bc8 51. Kd2 Rh8 52. Nb5+ Ke6 53. Kc3
Bd7 54. Kb4 Kxe7 55. Kc5 1-0

[Event "16PCR_ZK07"]
[Site "?"]
[Date "2005.??.??"]
[Round "?"]
[White "Vanc, Vladimir"]
[Black "Latal, Frantisek"]
[Result "0-1"]
[WhiteElo "1834"]
[BlackElo "2046"]
[PlyCount "100"]
[EventDate "2005.??.??"]
[EventType "corr"]
[EventRounds "2"]
[SourceDate "2005.02.23"]

1. f4 d5 2. Nf3 Nf6 3. e3 g6 4. b3 Bg7 5. Bb2 O-O 6. Be2 c5 7. O-O Bg4 8. d3
Nc6 9. Ne5 Bxe2 10. Qxe2 Nxe5 11. Bxe5 Qd7 12. Nd2 b6 13. Nf3 Rfd8 14. Rfd1
Rac8 15. c4 Qc6 16. Rac1 dxc4 17. Rxc4 Qb7 18. Rdc1 Qd7 19. d4 cxd4 20. Bxd4
Ng4 21. h3 Bxd4 22. Nxd4 Rxc4 23. Rxc4 Nf6 24. Nf3 Kg7 25. Rd4 Qe8 26. Qd3 Rxd4
27. Qxd4 Qc6 28. Kf1 Qc1+ 29. Kf2 Qb1 30. Qa4 Qb2+ 31. Kf1 Qc2 32. Ne1 Qd2 33.
Qd4 Qxa2 34. g4 Kf8 35. g5 Ng8 36. Qd5 h6 37. gxh6 Nxh6 38. e4 Qh2 39. Qd8+ Kg7
40. Qd4+ Kh7 41. Qe3 Ng8 42. Ng2 Nf6 43. e5 Nh5 44. Kf2 Ng7 45. Qf3 Nf5 46. Qg4
a5 47. e6 fxe6 48. h4 e5 49. fxe5 Qxe5 50. Nf4 Qc5+ 0-1

[Event "16PCR_ZK07"]
[Site "?"]
[Date "2005.??.??"]
[Round "?"]
[White "Houdek, Vladimir"]
[Black "Kudr, Roman"]
[Result "1-0"]
[WhiteElo "2151"]
[BlackElo "1987"]
[PlyCount "117"]
[EventDate "2005.??.??"]
[EventType "corr"]
[EventRounds "2"]
[SourceDate "2005.02.23"]

1. Nf3 Nf6 2. c4 c5 3. Nc3 e6 4. g3 a6 5. Bg2 Be7 6. O-O O-O 7. d4 cxd4 8. Nxd4
Qc7 9. Qd3 d6 10. b3 Bd7 11. h3 Nc6 12. Be3 Rfc8 13. Rac1 Nxd4 14. Bxd4 Bc6 15.
e4 Qa5 16. a4 Nd7 17. Rb1 Qd8 18. f4 Nc5 19. Qe3 b6 20. b4 Nd7 21. Qe2 Bb7 22.
f5 Ne5 23. fxe6 fxe6 24. c5 Nc6 25. Be3 Ne5 26. Rbd1 bxc5 27. bxc5 Rc6 28. Nd5
exd5 29. exd5 Rc7 30. c6 Bc8 31. Bb6 Bf6 32. Qh5 g6 33. Qe2 Bg7 34. Rf4 Rb8 35.
a5 h6 36. g4 Qe7 37. Rdf1 Ra7 38. Qe4 h5 39. gxh5 Bf5 40. Rxf5 gxf5 41. Qxf5
Kh8 42. Be4 Bh6 43. Bxa7 Qxa7+ 44. Kh1 Qe7 45. Qf6+ Qxf6 46. Rxf6 Bd2 47. Rxd6
Bxa5 48. Re6 Bc7 49. d6 Bxd6 50. Rxd6 Nxc6 51. Rxc6 a5 52. Ra6 a4 53. Rxa4 Rd8
54. h6 Rb8 55. Kg2 Rd8 56. Kf3 Rb8 57. Ra7 Rd8 58. Kf4 Rf8+ 59. Kg5 1-0

[Event "16PCR_ZK07"]
[Site "?"]
[Date "2005.??.??"]
[Round "?"]
[White "Sindelar, Frantisek"]
[Black "Majstr, Jiri"]
[Result "1-0"]
[WhiteElo "1925"]
[BlackElo "1600"]
[PlyCount "90"]
[EventDate "2005.??.??"]
[EventType "corr"]
[EventRounds "2"]
[SourceDate "2005.02.23"]

1. e4 e5 2. Nf3 Nc6 3. Bb5 a6 4. Bxc6 dxc6 5. O-O Bd6 6. d4 Bg4 7. dxe5 Bxf3 8.
Qxf3 Bxe5 9. Qb3 b5 10. Kh1 Nf6 11. f4 Bd4 12. Qf3 Qe7 13. e5 Nd5 14. Rd1 Bb6
15. a4 O-O 16. b3 Qc5 17. c4 bxc4 18. Ba3 Nb4 19. Nd2 cxb3 20. Nxb3 Qe7 21. a5
Ba7 22. Rdc1 c5 23. Bxb4 cxb4 24. Rc6 Rad8 25. Rxa6 c5 26. Rc6 Rc8 27. Rc1 Rxc6
28. Qxc6 Qe6 29. Qxe6 fxe6 30. g3 g5 31. Nxc5 Bxc5 32. Rxc5 gxf4 33. Rb5 fxg3
34. Rxb4 Rf1+ 35. Kg2 gxh2 36. Kxh2 Ra1 37. Rb5 Kf7 38. Kg3 Kg6 39. Kf4 Ra4+
40. Kg3 Ra3+ 41. Kh4 Kf5 42. Rc5 Kf4 43. Rb5 Ra2 44. Kh3 h6 45. Rc5 h5 1-0

[Event "16PCR_ZK07"]
[Site "?"]
[Date "2005.??.??"]
[Round "?"]
[White "Vanc, Vladimir"]
[Black "Majstr, Jiri"]
[Result "1-0"]
[WhiteElo "1834"]
[BlackElo "1600"]
[PlyCount "71"]
[EventDate "2005.??.??"]
[EventType "corr"]
[EventRounds "2"]
[SourceDate "2005.02.23"]

1. f4 d5 2. Nf3 Bg4 3. e3 Nf6 4. b3 Nbd7 5. Bb2 e6 6. Be2 Be7 7. O-O O-O 8. c4
c6 9. Nc3 Nb6 10. cxd5 Nbxd5 11. Nd4 Bxe2 12. Ndxe2 Nxc3 13. Nxc3 Nd5 14. Qe2
Bf6 15. Na4 Bxb2 16. Nxb2 c5 17. a3 Nf6 18. d3 b5 19. Rfd1 Qb6 20. Rac1 Rac8
21. a4 a6 22. axb5 axb5 23. Ra1 Nd5 24. Rdc1 Rfd8 25. h3 Qd6 26. Ra7 Ra8 27.
Rxa8 Rxa8 28. Nd1 Nb4 29. Nf2 Rd8 30. Qh5 f5 31. Rd1 Qd5 32. Qg5 Rc8 33. e4 Qd7
34. exf5 g6 35. fxg6 hxg6 36. Qxg6+ 1-0

[Event "16PCR_ZK07"]
[Site "?"]
[Date "2005.??.??"]
[Round "?"]
[White "Majstr, Jiri"]
[Black "Sindelar, Frantisek"]
[Result "0-1"]
[WhiteElo "1600"]
[BlackElo "1925"]
[PlyCount "88"]
[EventDate "2005.??.??"]
[EventType "corr"]
[EventRounds "2"]
[SourceDate "2005.02.23"]

1. d4 Nf6 2. c4 g6 3. Nc3 d5 4. Nf3 c6 5. e3 Bg7 6. cxd5 cxd5 7. Be2 Qb6 8. O-O
O-O 9. Qc2 Bf5 10. Bd3 Bxd3 11. Qxd3 Nc6 12. a3 Rfc8 13. b4 a6 14. e4 dxe4 15.
Nxe4 Nxe4 16. Qxe4 Nxd4 17. Nxd4 Qxd4 18. Qxd4 Bxd4 19. Ra2 Rc3 20. Bh6 Rd8 21.
g3 Bg7 22. Bxg7 Kxg7 23. Re1 Kf6 24. Re4 h5 25. a4 Rd1+ 26. Kg2 b6 27. Rf4+ Kg7
28. Re2 e6 29. Rf3 Rxf3 30. Kxf3 Ra1 31. b5 axb5 32. axb5 Rb1 33. Rc2 Rxb5 34.
Rc7 Rb3+ 35. Ke4 Rb2 36. Ke3 g5 37. Rb7 Rb3+ 38. Ke4 g4 39. Rd7 Rb2 40. Ke3 b5
41. Re7 b4 42. Rb7 Kg6 43. Rb6 b3 44. Rb8 f5 0-1